| 000 | 00521nam a2200181Ia 4500 | ||
|---|---|---|---|
| 008 | 140626s9999 xx 000 0 und d | ||
| 100 | _aKring, Ann. | ||
| 245 |
_aEmotion deficits in schizophrenia : _btiming matters / _cAnn Kring ... [et al.]. |
||
| 260 | _cc2011. | ||
| 300 | _a120 : 1, page 79 | ||
| 440 | _aJournal of Abnormal Psychology | ||
| 521 | _aPSYCH | ||
| 650 | _aAffective startle modulation. | ||
| 650 | _aEmotion.Schizophrenia. | ||
| 650 | _aMotivation. | ||
| 650 | _aTime stimulus. | ||
| 942 | _cSE | ||
| 999 |
_c121263 _d121263 |
||